00621nam a2200169 a 4500008004100000020001500041050001500056100002300071245002600094246003400120260003300154300001700187350000900204995009000213999001700303952013100320120416s0000 ||||||||||||||||| || u a0345098013 aDT 444 Sib aSibley, Major J. R10aTanganyikan guerrilla aEast African campaign 1914-18 aLondonbPan/Ballantinec1973 a160p. : ill. a0.00 D0.00FCBU-MAIN LIBRARY (Kitwe)H1I2.10UDAMAGEDZMain Library Open Access Collection c59368d59368 00102lcc4070a001b001cMain Library Open Access Collectiond2022-11-30l0oDT 444 Sibp717105r2022-11-30w2022-11-30y002